Reminiscences : (Record no. 3153)

MARC details
000 -LEADER
fixed length control field 00587nam a2200181 4500
001 - CONTROL NUMBER
control field 3855
005 - DATE AND TIME OF LATEST TRANSACTION
control field 20181127172125.0
090 00 - LOCALLY ASSIGNED LC-TYPE CALL NUMBER (OCLC); LOCAL CALL NUMBER (RLIN)
Classification number (OCLC) (R) ; Classification number, CALL (RLIN) (NR) 954.98092 K521r 2013
100 00 - MAIN ENTRY--PERSONAL NAME
Personal name
245 00 - TITLE STATEMENT
Title Reminiscences :
Remainder of title A king and his times, 1972-2006 /
Statement of responsibility, etc.
Medium
250 00 - EDITION STATEMENT
Edition statement
260 00 - PUBLICATION, DISTRIBUTION, ETC.
Place of publication, distribution, etc. Thimphu :
Name of publisher, distributor, etc. Druk Yoedzer,
Date of publication, distribution, etc. 2013.
300 00 - PHYSICAL DESCRIPTION
Extent 107 p. :
Other physical details col. ill. ;
Dimensions 21 cm. x 28 cm.
500 00 - GENERAL NOTE
General note "His Majesty the Fourth King, Jigme Singye Wangchuck"
650 00 - SUBJECT ADDED ENTRY--TOPICAL TERM
Topical term or geographic name entry element
General subdivision
Topical term or geographic name entry element Jigme Singye Wangchuck, King of Bhutan, 1955- --Pictorial works.
General subdivision
651 ## - SUBJECT ADDED ENTRY--GEOGRAPHIC NAME
Geographic name Bhutan --Kings and rulers --Pictorial works.
Form subdivision
General subdivision
Chronological subdivision
Geographic subdivision
Source of heading or term
Holdings
Withdrawn status Lost status Source of classification or shelving scheme Damaged status Not for loan Collection code Home library Current library Shelving location Serial Enumeration / chronology Inventory number Total Checkouts Full call number Barcode Date last seen Price effective from Koha item type
    Dewey Decimal Classification     Reference RTC Library RTC Library Reference 6530   954.98 REM 30006614 27/11/2018 27/11/2018 Reference
Royal Thimphu College || All Right Reserved